000
00327nam a2200133Ia 4500
999
_c
6403
_d
6403
008
191201s2011 xx 000 0 und d
020
_a
9788177000757
100
_a
AGGARWAL,Udit
245
0
_a
Algorithm Design and analysis
260
_a
N. delhi
_b
Dhanpat Rai
_c
2011
300
_a
562+16
650
_a
MCA
942
_2
ddc
_c
BK
_0
16